Zrcadlo /
Uložením složek do archívu nic nekončí. Osudy lidí běží dál a bývá nutné mít silnou vůli k otevření posledních dveří...
Uloženo v:
| Hlavní autor: | |
|---|---|
| Médium: | E-kniha |
| Jazyk: | Czech |
| Vydáno: |
Praha :
TZ-one,
2017
|
| Tagy: |
Žádné tagy |
| LEADER | 01010nam a22002297i 4500 | ||
|---|---|---|---|
| 001 | 310857 | ||
| 007 | ta | ||
| 008 | 260601s2017 xr ||||| |||| 00| 0 cze d | ||
| 020 | |a 9990001771348 | ||
| 044 | |a xr | ||
| 100 | 1 | |a Hombre, Robert |4 aut | |
| 245 | 1 | 0 | |a Zrcadlo / |c Hombre, Robert |
| 264 | 1 | |a Praha : |b TZ-one, |c 2017 | |
| 300 | |a 1 online zdroj (43 stran) | ||
| 336 | |a text |b txt |2 rdacontent | ||
| 337 | |a bez média |b n |2 rdamedia | ||
| 338 | |a online zdroj |b cr |2 rdacarrier | ||
| 520 | 2 | |a Uložením složek do archívu nic nekončí. Osudy lidí běží dál a bývá nutné mít silnou vůli k otevření posledních dveří... | |
| 910 | |a RBIT002 | ||
| 998 | |d 177134 |a https://core.palmknihy.cz/api/books/177134/cover?p13z6c |b https://core.palmknihy.cz/api/books/177134/cover/400?p13z6c |c https://core.palmknihy.cz/api/books/177134/cover/50?p13z6c |e |g 43 |i 9990001771348 |j https://core.palmknihy.cz/api/books/177134/preview.epub |l |q 49 |r 1 |s https://www.palmknihy.cz/kniha/177134 |t ebook |y 2017 |z 1 | ||
| 999 | |d 310855 | ||